00809 2200265 4500001002100000005001700021008004100038035002400079082001100103090002100114100003400135245013100169250001000300260003500310300001800345500004100363650002300404700002700427700002400454850001600478980001300494985000600507999001500513999001500528YOGYA-0209000006356220090227040213.0 ind  0010-020900000063562 a297.45 a297.45bAbd WlT aABDULLAH BIN WAKIL ASY-SYAIKH aWanita dan tipu daya musuhcAbdullah bin Wakil Asy-Syaikh ; penerjemah, Amir Hamzah Fachrudin ; penyunting, Evi Dewi Sofiawati aCet.1 aBandungbPustaka Hidayahc1996 a68 hlmc19 cm aJudul asli : Al-Mar'ah wa Kayl-A'da' aWanita dalam Islam aFakhrudin, amir Hamzah aSofiawati, Evi Dewi aYOPDYOG (B) a02-09-06 a2 a00P0006947 a00P0006948